|
|
|
|
| LEADER |
00000cas a2200000 a 4500 |
| 001 |
vtls012072984 |
| 003 |
SK-MaSNL |
| 005 |
20260506071309.0 |
| 008 |
211012c20219999xo wr p 0 b0slo |
| 022 |
|
|
|y 1338-1725
|
| 040 |
|
|
|a SVKBB
|b slo
|c SVKBB
|d SNK
|e AACR2
|
| 041 |
0 |
|
|a slo
|
| 043 |
|
|
|a e-xo---
|
| 044 |
|
|
|a xo
|c SK
|
| 072 |
|
7 |
|a 316
|x Sociológia
|2 konspekt
|
| 072 |
|
7 |
|a 316.7
|x Sociológia kultúry. Kultúrny život
|2 konspekt
|
| 072 |
|
7 |
|a 32
|x Politika
|2 konspekt
|
| 072 |
|
7 |
|a 796
|x Šport. Hry. Telesné cvičenia
|2 konspekt
|
| 080 |
|
|
|a 316.728
|2 2011
|
| 080 |
|
|
|a 316.72/.75-027.22
|2 2011
|
| 080 |
|
|
|a 32
|2 2011
|
| 080 |
|
|
|a 796/799
|2 2011
|
| 080 |
|
|
|a (051)+(054)(437.6)
|2 2011
|
| 080 |
|
|
|a (437.641)
|2 2011
|
| 245 |
0 |
0 |
|a MY - Nezávislé noviny pre vašu obec, mesto a región
|b Zvolen, Detva, Krupina, Žiar nad Hronom, Banská Štiavnica, Žarnovica
|
| 260 |
|
|
|a Bratislava
|b Petit Press, Divízia týždenníkov
|c 2021-
|
| 300 |
|
|
|a zv.
|c 39 cm
|
| 310 |
|
|
|a 1x týždenne
|
| 362 |
0 |
|
|a Roč. 1, č. [2] (2021)-
|
| 500 |
|
|
|a ISSN uvedené v tiráži patrí predošlému titulu: Zvolensko-podpolianske noviny
|
| 500 |
|
|
|a Informácia od vydavateľa: tituly sú rozdelené podľa okresov na dni, kedy vychádzajú, preto je číslovanie po 4 (t.j. 2, 6, 10, 14,...)
|
| 525 |
|
|
|a Niektoré čísla obsahujú prílohy s rôznou tematikou
|
| 650 |
0 |
7 |
|a spoločenský život
|2 SNKPH
|9 28654
|
| 650 |
0 |
7 |
|a Social life
|2 SNKPHeng
|9 265081
|
| 650 |
0 |
7 |
|a kultúrny život
|2 SNKPH
|9 3182
|
| 650 |
0 |
7 |
|a Cultural life
|2 SNKPHeng
|9 265153
|
| 650 |
0 |
7 |
|a politika
|2 SNKPH
|9 968
|
| 650 |
0 |
7 |
|a Politics
|2 SNKPHeng
|9 265606
|
| 650 |
0 |
7 |
|a šport
|2 SNKPH
|9 1042
|
| 650 |
0 |
7 |
|a šport
|2 SNKPHeng
|9 1042
|
| 651 |
|
7 |
|a Zvolen (Slovensko)
|2 SNKPHgeo
|9 14595
|
| 651 |
|
7 |
|a Zvolen (Slovakia)
|2 SNKNBgeo
|9 265535
|
| 651 |
|
7 |
|a Podpoľanie (Slovensko : región)
|2 SNKPHgeo
|9 63474
|
| 655 |
|
7 |
|a regionálne periodiká
|2 SNKPH
|9 131775
|
| 655 |
|
7 |
|a Region newspapers
|2 SNKNBeng
|9 265607
|
| 780 |
0 |
0 |
|t Zvolensko-podpolianske noviny
|x 1338-1725
|
| 852 |
|
|
|a Štátna vedecká knižnica v Banskej Bystrici
|
| 856 |
4 |
1 |
|u https://myzvolen.sme.sk/
|
| 910 |
|
|
|a snk
|
| 916 |
|
|
|a 2021-2022
|
| 999 |
|
|
|c 900
|d 900
|
| 952 |
|
|
|t č. 2-62 + 6 príl.
|a SNK
|b SNK
|y PREZ
|7 0
|p 17A1520633
|o snkČSA 1529/1/2021
|i snk2023/10079
|8 0
|z Fyzicky obsahuje 16 čísiel ; Prvé číslo v kalendárnom roku je odvodené odo dňa v týždni, kedy príslušný titul vychádza (t.j. 1 = pondelok, 2 = utorok, 3 = streda, 4 = štvrtok), ku každému nasledujúcemu číslu sa pridáva číslo 4 a čísla vyjadrujú postupnosť 2, 6, 10, 14, ... 62 ; Príl.: v č. 10,30 - Magazín zdravia ; v č. 50 - Doma v záhrade ; v č. 54 - Slovensko spieva koledy 2021 ; v č. 58 - Top vianočné ponuky ; v č. 62 - TV program špeciál
|0 0
|1 0
|4 0
|d 2023-06-23
|l 0
|r 2026-02-21 19:50:17
|w 2026-02-21
|
| 952 |
|
|
|t č. 2-98 + 13 príl.
|a SNK
|b SNK
|y PREZ
|7 0
|p 17A1520632
|o snkČSA 1529/2/2022/1
|i snk2023/10080
|8 0
|z Fyzicky obsahuje 25 čísiel ; Prvé číslo v kalendárnom roku je odvodené odo dňa v týždni, kedy príslušný titul vychádza (t.j. 1 = pondelok, 2 = utorok, 3 = streda, 4 = štvrtok), ku každému nasledujúcemu číslu sa pridáva číslo 4 a čísla vyjadrujú postupnosť 2, 6, 10, 14, ... 98 ; Príl.: v č. 10,46,82 - Magazín zdravia ; v č. 10 - Vzdelávanie ; v č. 26 - MY trh práce ; v č. 38 - MY pomáhame regiónu ; v č. 46 - MY pre seniorov ; v č. 58 - Stavebný špeciál ; v č. 62 - Doma v záhrade ; v č. 82 - Šetrite s nami, Príďte k nám ; v č. 90 - MY magazín ; v č. 98 - Leto v regióne
|0 0
|1 0
|4 0
|d 2023-06-23
|l 0
|r 2026-02-21 19:50:17
|w 2026-02-21
|
| 952 |
|
|
|t č. 102-198 + 5 príl.
|a SNK
|b SNK
|y PREZ
|7 0
|p 17A1520631
|o snkČSA 1529/2/2022/2
|i snk2023/10081
|8 0
|z Fyzicky obsahuje 25 čísiel ; Prvé číslo v kalendárnom roku je odvodené odo dňa v týždni, kedy príslušný titul vychádza (t.j. 1 = pondelok, 2 = utorok, 3 = streda, 4 = štvrtok), ku každému nasledujúcemu číslu sa pridáva číslo 4 a čísla vyjadrujú postupnosť 102, 106, 110, 114, ... 198 ; Príl.: v č. 102,118,142 - MY magazín ; v č. 182 - Príďte k nám ; v č. 198 - TV program špeciál
|0 0
|1 0
|4 0
|d 2023-06-23
|l 0
|r 2026-02-21 19:50:17
|w 2026-02-21
|